| 000 | 00858nas a22002537a 4500 | ||
|---|---|---|---|
| 003 | OSt | ||
| 005 | 20151023113602.0 | ||
| 008 | 131031c2007 spa||||| |||| 00| 0 esp d | ||
| 040 |
_cCDMR _bcat |
||
| 041 | _hesp | ||
| 245 | 0 |
_aBoletín APM _cAsociación de la prensa de Madrid _h[recurs electrònic] |
|
| 260 |
_aMadrid _bAsociación de la prensa de Madrid _c1993 - |
||
| 300 |
_anúm. _bcm |
||
| 310 |
_aMensual _b2008 - |
||
| 362 | _aNúm. 1 (feb. 2001) - | ||
| 377 | _aesp | ||
| 500 | _aA partir del núm. 71 va passar en format digital | ||
| 650 | 0 | 4 |
_92742 _aPremsa _zEspanya _vRevistes |
| 650 | 0 | 4 |
_93173 _aPeriodisme _zEspanya _vRevistes |
| 650 | 0 | 4 |
_94580 _aButlletins d'informació |
| 710 | 2 |
_987 _aAsociación de la Prensa de Madrid |
|
| 856 | 4 | 0 |
_uhttp://www.apmadrid.es/publicaciones/qboletin-apm-digitalq _yDisponible en línia |
| 942 |
_2udc _cSER |
||
| 999 |
_c6658 _d6658 |
||